000 00452nmm a2200157Ia 4500
008 251105s9999||||xx |||||||||||||||||und||
020 _a9788416110803
041 _aspa
100 _aFernández Paradas, Antonio
245 0 _aEscultura Barroca Española
264 _a[Madrid, España] :
_bExLibric,
_c2016
300 _a312 páginas
650 _aArchitecture & Sculpture
856 _uhttps://public.digitaliapublishing.com/a/85390
942 _cCF
999 _c77273
_d77273